| Tag |
First Indicator |
Second Indicator |
Subfields |
| LEADER |
00000cam a2200000 a 4500 |
| 001 |
in00000006951 |
| 005 |
20151004070018.0 |
| 008 |
860812s1986 enk b 00010 eng |
| 010 |
|
|
|a 86193969
|
| 020 |
|
|
|a 0850125561 (pbk.)
|
| 035 |
|
|
|a (OCoLC)16351080
|
| 035 |
|
|
|9 AAA1412AM
|
| 040 |
|
|
|a DLC
|c DLC
|d TXA
|d UtOrBLW
|
| 049 |
|
|
|a TXAM
|c [A12545770]
|
| 050 |
0 |
0 |
|a TH9445.C65
|b W66 1986
|
| 082 |
0 |
|
|a 628.9/2
|2 19
|
| 100 |
1 |
|
|a Wood, Michael
|q (Michael B.)
|
| 245 |
1 |
0 |
|a Fire precautions in computer installations /
|c M.B. Wood.
|
| 264 |
|
1 |
|a Manchester, England :
|b NCC Publications,
|c 1986.
|
| 300 |
|
|
|a 101 pages ;
|c 21 cm.
|
| 336 |
|
|
|a text
|b txt
|2 rdacontent
|
| 337 |
|
|
|a unmediated
|b n
|2 rdamedia
|
| 338 |
|
|
|a volume
|b nc
|2 rdacarrier
|
| 504 |
|
|
|a Bibliography: pages 97-101.
|
| 650 |
|
0 |
|a Computers
|x Fires and fire prevention.
|
| 650 |
|
0 |
|a Electronic data processing departments
|x Fires and fire prevention.
|
| 999 |
|
|
|a MARS
|
| 999 |
f |
f |
|s e6014a52-0c9b-323c-8dfa-eec8c90db766
|i 09da0bca-fcba-3f8a-ac4d-9a6deaeb77c2
|t 0
|
| 952 |
f |
f |
|p ric
|a Texas A&M University
|b Rellis Campus
|c Joint Library Facility
|d Remote Storage
|t 0
|e TH9445.C65 .W66 1986
|h Library of Congress classification
|i unmediated -- volume
|m A14812545770
|
| 998 |
f |
f |
|a TH9445.C65 .W66 1986
|t 0
|l Remote Storage
|